| 000 | 00400 a2200145 4500 | ||
|---|---|---|---|
| 001 | 178901 | ||
| 020 | _a | ||
| 040 | _cMagnum | ||
| 100 | _aMott, Maria Lucia de Barros | ||
| 240 | 1 | 0 |
_aSubmissao e resistencia: a mulher na luta contra a escravidao _lpor |
| 245 | 1 | 0 | _aSubmissao e resistencia: a mulher na luta contra a escravidao |
| 362 | 0 | _a1899 | |
| 697 | _aMAGNITO: PARADIDATICO | ||
| 942 | _cBK | ||
| 999 |
_c178901 _d178901 |
||